000 00869nam a2200277Ia 4500
003 OSt
005 20221005033323.0
006 a|||||r|||| 00| 0
007 ta
008 221004b |||||||| |||| 00| 0 eng d
020 _a978938758705 (hbk)
_cINR 4950.00
024 _a41157
037 _bBBS/05, 15/01/2019, Better Book Service
_cTextual
040 _aCRL
_cCRL
_beng
041 _2eng
_aeng
082 _aV2:71, Q8
100 _aReddy P. Chenna Ed.
245 0 _aIndian culture and archaeological studies
260 _aDelhi
_bB.R. Publishing Corporation India
_c2018
300 _axxiii,406p.
_ccm.
650 _a INDIA - ANTIQUITIES
_9176481
650 _a INDIA - HISTORY
650 _aCIVILIZATION
_9131607
942 _hV2:71, Q8
_cTEXL
_2cc
999 _c941342
_d941342